000 00761nam a2200181Ia 4500
008 100920s9999 xx 000 0 und d
082 _b92055
_a24 न 04
100 _aखंडेला मान चन्द.
245 _aअमेरिकी आतंक और विश्व समुदाय.
260 _bआविष्कार पब्लिशर्स, डिस्ट्रीब्यूटर्स,जयपूर.
_c2004
300 _a184
_bसाधी
365 _b350
520 _aसायो.
630 _aअमेरिकी आतंक और विश्व समुदाय.
650 _aसायो.
730 _aअमेरिकी आतंक और विश्व समुदाय.
942 _cBOOK
999 _c732502
_d732499